| 000 | 00545nam a2200181Ia 4500 | ||
|---|---|---|---|
| 003 | GCL | ||
| 008 | 140319s9999 xx 000 0 ara d | ||
| 040 |
_aGCL / _cGCL |
||
| 082 | 0 | 4 |
_a219 _bع ح |
| 100 | 1 | _aعلى عبدالواحد وافى | |
| 245 | 1 | 0 |
_aحماية الاسلام للنفس والاعراض / _cعلى عبدالواحد وافى |
| 260 |
_a[S.N] : _bالشعب ، _c1970 |
||
| 300 | _a79 ص | ||
| 490 | _a | ||
| 650 | 0 | 4 | _aالاخلاق الاسلامية |
| 650 | 0 | 4 | _aالاحكام الشرعية |
| 942 |
_2ddc _cBK |
||
| 999 |
_c54324 _d54324 |
||